[Event "Summer Prague Open 2021 - A"]
[Site "?"]
[Date "2021.08.13"]
[Round "9.11"]
[White "Gnojek, Petr"]
[Black "Gloser, David"]
[Result "1-0"]
[BlackElo "2164"]
[WhiteElo "2205"]
[LiveChessVersion "1.4.8"]

1. d4 {[%clk 1:31:20]} Nf6 {[%clk 1:31:19]} 2. c4 {[%clk 1:31:44]} c5
{[%clk 1:31:45]} 3. d5 {[%clk 1:32:07]} b5 {[%clk 1:32:09]} 4. cxb5
{[%clk 1:32:32]} a6 {[%clk 1:32:20]} 5. bxa6 {[%clk 1:32:54]} g6 {[%clk 1:32:38]}
6. Nc3 Bxa6 7. e4 {[%clk 1:33:15]} Bxf1 {[%clk 1:32:59]} 8. Kxf1 {[%clk 1:33:46]}
d6 {[%clk 1:32:22]} 9. Nf3 Bg7 {[%clk 1:31:40]} 10. g3 {[%clk 1:34:02]} O-O
{[%clk 1:31:09]} 11. Kg2 {[%clk 1:34:18]} Nbd7 {[%clk 1:30:59]} 12. Qe2
{[%clk 1:34:27]} Qb6 {[%clk 1:28:53]} 13. a4 {[%clk 1:33:09]} Rfb8
{[%clk 1:24:57]} 14. Nb5 {[%clk 1:32:59]} Ne8 {[%clk 1:19:32]} 15. Bg5
{[%clk 1:33:12]} Kf8 {[%clk 1:10:50]} 16. Nd2 {[%clk 1:25:40]} Qb7
{[%clk 1:05:36]} 17. Ra3 {[%clk 1:09:31]} Nc7 {[%clk 1:02:35]} 18. Nxc7
{[%clk 1:09:47]} Qxc7 {[%clk 1:03:00]} 19. b3 {[%clk 1:02:31]} Rb4
{[%clk 0:49:41]} 20. Nc4 {[%clk 1:00:15]} Ne5 {[%clk 0:44:02]} 21. Nxe5
{[%clk 0:58:55]} Bxe5 {[%clk 0:44:23]} 22. Bd2 {[%clk 0:59:18]} Rbb8
{[%clk 0:37:03]} 23. Qc4 {[%clk 0:58:04]} Qc8 {[%clk 0:35:22]} 24. Rb1
{[%clk 0:56:20]} Qa6 {[%clk 0:32:17]} 25. Qxa6 {[%clk 0:55:54]} Rxa6
{[%clk 0:32:42]} 26. b4 {[%clk 0:55:18]} cxb4 {[%clk 0:32:01]} 27. Rxb4
{[%clk 0:54:32]} Rxb4 {[%clk 0:30:34]} 28. Bxb4 {[%clk 0:54:46]} Ke8
{[%clk 0:29:45]} 29. a5 {[%clk 0:52:45]} Bd4 {[%clk 0:29:25]} 30. Kf1
{[%clk 0:47:52]} Ra8 {[%clk 0:27:12]} 31. Ke2 {[%clk 0:46:05]} Rc8
{[%clk 0:27:01]} 32. Ra2 {[%clk 0:45:05]} Kd7 {[%clk 0:23:46]} 33. Kd3
{[%clk 0:43:47]} Ba7 {[%clk 0:21:56]} 34. a6 {[%clk 0:39:56]} Bb6
{[%clk 0:19:38]} 35. f3 {[%clk 0:39:18]} Rc7 {[%clk 0:15:44]} 36. Ba5
{[%clk 0:38:21]} Bxa5 {[%clk 0:15:55]} 37. Rxa5 {[%clk 0:38:48]} Ra7
{[%clk 0:14:14]} 38. Kc4 {[%clk 0:39:14]} Kc7 {[%clk 0:14:18]} 39. Kb5
{[%clk 0:39:39]} Ra8 {[%clk 0:14:41]} 40. a7 {[%clk 0:39:57]} Kb7
{[%clk 0:13:58]} 41. Ra6 {[%clk 0:40:21]} f6 {[%clk 0:13:05]} 42. Rb6+
{[%clk 0:40:41]} Kc7 {[%clk 0:12:38]} 43. Ka6 1-0

[Event "Summer Prague Open 2021 - A"]
[Site "?"]
[Date "2021.08.13"]
[Round "9.12"]
[White "Neuman, Petr"]
[Black "Krivanek, Vladimir"]
[Result "1/2-1/2"]
[BlackElo "2166"]
[WhiteElo "2402"]
[LiveChessVersion "1.4.8"]

1. d4 {[%clk 1:30:53]} c5 {[%clk 1:19:26]} 2. d5 {[%clk 1:29:28]} Nf6
{[%clk 1:19:05]} 3. c4 {[%clk 1:28:03]} e6 {[%clk 1:19:21]} 4. Nc3
{[%clk 1:28:28]} exd5 {[%clk 1:19:35]} 5. cxd5 {[%clk 1:28:53]} d6
{[%clk 1:19:50]} 6. e4 {[%clk 1:29:17]} g6 {[%clk 1:19:52]} 7. f4
{[%clk 1:29:42]} Bg7 {[%clk 1:20:06]} 8. Bb5+ {[%clk 1:30:07]} Nbd7
{[%clk 1:19:04]} 9. e5 {[%clk 1:29:47]} Nh5 {[%clk 1:14:08]} 10. e6
{[%clk 1:26:22]} Qh4+ {[%clk 1:10:03]} 11. g3 {[%clk 1:25:46]} Nxg3
{[%clk 1:09:38]} 12. hxg3 {[%clk 1:26:12]} Qxh1 {[%clk 1:09:00]} 13. Be3
{[%clk 1:26:29]} Bxc3+ {[%clk 1:02:06]} 14. bxc3 {[%clk 1:26:50]} a6
{[%clk 1:02:12]} 15. exd7+ {[%clk 1:22:31]} Bxd7 {[%clk 1:02:28]} 16. Bxd7+
{[%clk 1:20:24]} Kxd7 {[%clk 1:02:52]} 17. Qf3 {[%clk 1:20:48]} Qxf3
{[%clk 0:54:59]} 18. Nxf3 {[%clk 1:19:27]} Rae8 {[%clk 0:51:55]} 19. Kf2
{[%clk 1:19:42]} Re7 {[%clk 0:48:33]} 20. Bd2 {[%clk 1:01:28]} Rhe8
{[%clk 0:45:31]} 21. g4 {[%clk 1:01:12]} Re2+ {[%clk 0:41:47]} 22. Kf1
{[%clk 1:00:04]} Kc7 {[%clk 0:39:15]} 23. g5 {[%clk 0:59:57]} b5 {[%clk 0:38:24]}
24. a4 {[%clk 0:57:19]} Kb6 {[%clk 0:35:08]} 25. axb5 {[%clk 0:56:31]} axb5
{[%clk 0:34:49]} 26. Rb1 {[%clk 0:56:36]} R8e4 {[%clk 0:24:52]} 27. Ra1
{[%clk 0:55:21]} Rxd2 {[%clk 0:21:09]} 28. Nxd2 {[%clk 0:55:44]} Rxf4+
{[%clk 0:21:32]} 29. Ke2 {[%clk 0:55:50]} Rf5 {[%clk 0:21:20]} 30. Rf1
{[%clk 0:44:49]} Re5+ {[%clk 0:15:56]} 31. Kd1 {[%clk 0:44:15]} Rxd5
{[%clk 0:15:17]} 32. Rxf7 {[%clk 0:44:39]} Rxg5 {[%clk 0:15:37]} 33. Rxh7
{[%clk 0:45:05]} d5 {[%clk 0:15:37]} 34. Rh8 {[%clk 0:45:15]} Kc7
{[%clk 0:14:43]} 35. Rh7+ {[%clk 0:45:15]} Kc6 {[%clk 0:14:41]} 36. Rh8
{[%clk 0:45:38]} Kc7 {[%clk 0:12:00]} 37. Rh7+ {[%clk 0:46:00]} Kd6
{[%clk 0:10:29]} 38. Rb7 {[%clk 0:46:21]} Rg1+ {[%clk 0:07:45]} 39. Kc2
{[%clk 0:46:08]} Kc6 {[%clk 0:08:03]} 40. Rb8 {[%clk 0:46:23]} g5
{[%clk 0:06:13]} 41. Rc8+ {[%clk 0:46:49]} Kd6 {[%clk 0:06:18]} 42. Rd8+
{[%clk 0:47:14]} Kc6 {[%clk 0:05:36]} 43. Rc8+ {[%clk 0:47:38]} Kd6
{[%clk 0:04:58]} 44. Rd8+ {[%clk 0:48:03]} Kc6 {[%clk 0:04:38]} 45. Rc8+
{[%clk 0:48:28]} 1/2-1/2

[Event "Summer Prague Open 2021 - A"]
[Site "?"]
[Date "2021.08.13"]
[Round "9.13"]
[White "Mica, Marek"]
[Black "Paseka, Matyas"]
[Result "1-0"]
[BlackElo "1969"]
[WhiteElo "2316"]
[LiveChessVersion "1.4.8"]

1. d4 {[%clk 1:30:57]} Nf6 {[%clk 1:30:51]} 2. c4 {[%clk 1:31:22]} g6
{[%clk 1:31:12]} 3. Nf3 {[%clk 1:31:35]} Bg7 {[%clk 1:31:33]} 4. g3
{[%clk 1:31:55]} O-O {[%clk 1:31:44]} 5. Bg2 {[%clk 1:32:20]} d6 {[%clk 1:32:04]}
6. O-O {[%clk 1:32:43]} Nc6 {[%clk 1:32:19]} 7. Nc3 {[%clk 1:33:09]} a6
{[%clk 1:32:34]} 8. Bf4 {[%clk 1:33:33]} Nh5 {[%clk 1:23:28]} 9. Be3
{[%clk 1:33:39]} Bd7 {[%clk 1:22:33]} 10. Qd2 {[%clk 1:30:50]} Rb8
{[%clk 1:19:04]} 11. Rac1 {[%clk 1:24:47]} b5 {[%clk 1:09:39]} 12. Nd5
{[%clk 1:21:13]} e6 {[%clk 1:05:56]} 13. Nf4 {[%clk 1:14:30]} Nxf4
{[%clk 1:05:11]} 14. Bxf4 {[%clk 1:14:46]} b4 {[%clk 0:57:20]} 15. b3
{[%clk 1:11:43]} a5 {[%clk 0:50:30]} 16. d5 {[%clk 1:07:29]} exd5
{[%clk 0:43:24]} 17. cxd5 {[%clk 1:05:53]} Na7 {[%clk 0:43:10]} 18. Bh6
{[%clk 0:52:09]} Nb5 {[%clk 0:40:21]} 19. Bxg7 {[%clk 0:52:03]} Kxg7
{[%clk 0:40:43]} 20. Nd4 Nc3 {[%clk 0:38:08]} 21. a4 {[%clk 0:52:22]} Qf6
{[%clk 0:37:35]} 22. Rfe1 {[%clk 0:50:39]} Rfe8 {[%clk 0:35:24]} 23. e3
{[%clk 0:43:52]} Rbc8 {[%clk 0:31:56]} 24. Ne2 {[%clk 0:41:05]} Ne4
{[%clk 0:31:55]} 25. Qd4 {[%clk 0:40:11]} c5 {[%clk 0:30:49]} 26. dxc6
{[%clk 0:39:14]} Rxc6 {[%clk 0:28:36]} 27. Bxe4 {[%clk 0:38:21]} Qxd4
{[%clk 0:28:07]} 28. Nxd4 {[%clk 0:38:00]} Rxc1 {[%clk 0:28:18]} 29. Rxc1
{[%clk 0:38:04]} Rxe4 {[%clk 0:28:39]} 30. Rc7 {[%clk 0:33:52]} Be8
{[%clk 0:25:30]} 31. Kf1 {[%clk 0:31:20]} Re5 {[%clk 0:24:09]} 32. Ke2
{[%clk 0:31:04]} Kf6 {[%clk 0:22:47]} 33. Kd3 {[%clk 0:29:56]} Rc5
{[%clk 0:16:30]} 34. Rxc5 {[%clk 0:29:19]} dxc5 {[%clk 0:16:54]} 35. Nb5
{[%clk 0:28:57]} Bd7 {[%clk 0:17:10]} 36. Nd6 {[%clk 0:28:41]} Bh3
{[%clk 0:10:35]} 37. Nb7 {[%clk 0:28:25]} Bf1+ {[%clk 0:10:46]} 38. Kc2
{[%clk 0:28:08]} Ke5 {[%clk 0:07:51]} 39. Nxc5 {[%clk 0:25:20]} Bg2
{[%clk 0:06:55]} 40. Nd7+ {[%clk 0:23:55]} Kd6 {[%clk 0:06:31]} 41. Nf6
{[%clk 0:20:51]} h5 {[%clk 0:06:00]} 42. Kd3 {[%clk 0:20:43]} Ke5
{[%clk 0:04:52]} 43. Ne8 Bd5 {[%clk 0:01:58]} 44. f4+ {[%clk 0:09:58]} Kf5
{[%clk 0:29:58]} 45. g4+ {[%clk 0:33:32]} hxg4 {[%clk 0:29:04]} 46. Nd6+
{[%clk 0:33:51]} Ke6 {[%clk 0:27:25]} 47. Nc4 {[%clk 0:34:04]} Bxc4+
{[%clk 0:16:05]} 48. Kxc4 {[%clk 0:34:24]} Kf5 {[%clk 0:16:33]} 49. Kb5
{[%clk 0:33:53]} Ke4 {[%clk 0:16:58]} 50. Kxa5 {[%clk 0:34:16]} Kf3
{[%clk 0:17:25]} 51. Kxb4 {[%clk 0:34:41]} Kg2 {[%clk 0:17:51]} 52. a5
{[%clk 0:35:06]} Kxh2 {[%clk 0:18:17]} 53. a6 {[%clk 0:35:33]} g3
{[%clk 0:18:43]} 54. a7 {[%clk 0:35:59]} g2 {[%clk 0:19:07]} 55. a8=Q
{[%clk 0:36:20]} g1=Q {[%clk 0:19:30]} 56. Qe8 {[%clk 0:36:28]} Qe1+
{[%clk 0:16:40]} 57. Kb5 {[%clk 0:36:24]} Qe2+ {[%clk 0:16:22]} 58. Kb6
{[%clk 0:36:23]} Qd3 {[%clk 0:15:20]} 59. b4 {[%clk 0:36:14]} Qd6+
{[%clk 0:14:21]} 60. Ka5 {[%clk 0:36:17]} Qc7+ {[%clk 0:14:12]} 61. Kb5
{[%clk 0:36:28]} Qb7+ {[%clk 0:11:59]} 62. Kc4 {[%clk 0:36:47]} Qc7+
{[%clk 0:11:06]} 63. Kb3 {[%clk 0:36:54]} Qb6 {[%clk 0:10:01]} 64. b5
{[%clk 0:37:04]} f5 {[%clk 0:09:57]} 65. Kc4 {[%clk 0:36:43]} Kh3
{[%clk 0:04:37]} 66. Qh8+ {[%clk 0:36:30]} Kg4 {[%clk 0:04:29]} 67. Qd4
{[%clk 0:36:47]} Qe6+ {[%clk 0:04:25]} 68. Kb4 {[%clk 0:37:10]} Kf3
{[%clk 0:04:09]} 69. b6 {[%clk 0:37:13]} Qc6 {[%clk 0:03:46]} 70. Ka5
{[%clk 0:37:37]} Qa8+ {[%clk 0:03:58]} 71. Kb5 {[%clk 0:37:45]} Qe8+
{[%clk 0:04:07]} 72. Kc5 {[%clk 0:37:48]} Qc8+ {[%clk 0:04:26]} 73. Kd6
{[%clk 0:37:51]} Kg4 {[%clk 0:03:52]} 74. Qc5 {[%clk 0:35:19]} Qd8+
{[%clk 0:03:02]} 75. Kc6 {[%clk 0:35:45]} Qc8+ {[%clk 0:02:16]} 76. Kb5
{[%clk 0:36:10]} Qd7+ {[%clk 0:01:52]} 77. Ka6 {[%clk 0:36:21]} Qa4+
{[%clk 0:01:57]} 78. Kb7 {[%clk 0:36:34]} Qe4+ {[%clk 0:01:46]} 79. Kc7
{[%clk 0:36:56]} Qe8 {[%clk 0:01:20]} 80. b7 {[%clk 0:37:15]} Qf7+
{[%clk 0:01:41]} 81. Kc6 {[%clk 0:36:27]} Qe8+ {[%clk 0:01:54]} 82. Kb6
{[%clk 0:36:03]} Qe6+ {[%clk 0:02:07]} 83. Ka7 {[%clk 0:35:49]} Qd7
{[%clk 0:02:08]} 84. Qd4 {[%clk 0:35:19]} Qc7 {[%clk 0:02:09]} 85. Qd5
{[%clk 0:35:38]} Qe7 {[%clk 0:02:14]} 86. Qe5 {[%clk 0:35:09]} Qa3+
{[%clk 0:02:26]} 87. Kb8 {[%clk 0:35:28]} Qf8+ {[%clk 0:02:45]} 88. Kc7
{[%clk 0:35:47]} Qf7+ {[%clk 0:03:02]} 89. Kc6 {[%clk 0:35:54]} Qc4+
{[%clk 0:03:18]} 90. Kd7 {[%clk 0:34:51]} Qf7+ {[%clk 0:03:29]} 91. Qe7
{[%clk 0:35:10]} Qd5+ {[%clk 0:03:53]} 92. Kc8 {[%clk 0:35:17]} Qc6+
{[%clk 0:04:01]} 93. Qc7 {[%clk 0:35:34]} Qe8+ {[%clk 0:04:22]} 94. Qd8
{[%clk 0:36:02]} Qc6+ {[%clk 0:03:58]} 95. Kb8 {[%clk 0:36:29]} Qc5
{[%clk 0:03:24]} 96. Qd1+ {[%clk 0:36:34]} Kg3 {[%clk 0:03:09]} 97. Qg1+
{[%clk 0:36:57]} Kf3 {[%clk 0:03:10]} 98. Qxg6 {[%clk 0:37:10]} Qf8+
{[%clk 0:03:28]} 99. Kc7 {[%clk 0:37:30]} Qe7+ {[%clk 0:03:45]} 100. Kc6
{[%clk 0:37:50]} Qe4+ {[%clk 0:04:05]} 101. Kc7 {[%clk 0:38:00]} Qe7+
{[%clk 0:04:29]} 102. Kc8 {[%clk 0:38:19]} Qc5+ {[%clk 0:04:05]} 103. Kd7
{[%clk 0:38:37]} Qf8 {[%clk 0:03:04]} 104. Qc6+ {[%clk 0:37:53]} Kf2
{[%clk 0:02:46]} 105. Qc8 {[%clk 0:37:29]} Qf7+ {[%clk 0:02:42]} 106. Kd6
{[%clk 0:37:52]} Qf6+ {[%clk 0:02:56]} 107. Kd5 {[%clk 0:38:12]} Qf7+
{[%clk 0:03:18]} 108. Ke5 {[%clk 0:38:39]} Qe7+ {[%clk 0:03:37]} 109. Kxf5
{[%clk 0:39:03]} Qf7+ {[%clk 0:03:57]} 110. Ke5 {[%clk 0:39:17]} Qe7+
{[%clk 0:04:21]} 111. Kd5 {[%clk 0:39:37]} Qf7+ {[%clk 0:04:47]} 112. Kd6
{[%clk 0:39:56]} Qg6+ {[%clk 0:05:02]} 113. Qe6 {[%clk 0:40:07]} Qd3+
{[%clk 0:05:27]} 114. Kc7 {[%clk 0:40:29]} Qc3+ {[%clk 0:05:49]} 115. Kb8
{[%clk 0:40:42]} Qh8+ {[%clk 0:06:09]} 116. Qc8 {[%clk 0:41:06]} Qa1
{[%clk 0:06:28]} 117. e4 {[%clk 0:41:08]} Kf3 {[%clk 0:06:44]} 118. e5
{[%clk 0:41:14]} Kxf4 {[%clk 0:07:03]} 119. e6 {[%clk 0:41:16]} Qe5+
{[%clk 0:07:06]} 120. Qc7 {[%clk 0:41:41]} 1-0

[Event "Summer Prague Open 2021 - A"]
[Site "?"]
[Date "2021.08.13"]
[Round "9.14"]
[White "Sindler, Michal"]
[Black "Mladek, Richard"]
[Result "1/2-1/2"]
[BlackElo "2315"]
[WhiteElo "2122"]
[LiveChessVersion "1.4.8"]

1. e4 {[%clk 1:30:51]} d6 {[%clk 1:28:13]} 2. d4 {[%clk 1:31:15]} f5
{[%clk 1:28:31]} 3. exf5 {[%clk 1:31:15]} Bxf5 {[%clk 1:28:30]} 4. Bd3 Qd7 5. Nf3
{[%clk 1:27:27]} Nc6 {[%clk 1:24:32]} 6. O-O {[%clk 1:19:15]} Nf6
{[%clk 1:23:46]} 7. c4 {[%clk 1:08:41]} e5 {[%clk 1:15:15]} 8. Bxf5
{[%clk 1:02:13]} Qxf5 {[%clk 1:15:23]} 9. d5 {[%clk 1:01:40]} Nd8
{[%clk 1:13:36]} 10. Nc3 {[%clk 1:00:50]} Be7 {[%clk 1:12:41]} 11. Qa4+
{[%clk 0:47:19]} c6 {[%clk 1:09:25]} 12. dxc6 {[%clk 0:43:08]} bxc6
{[%clk 1:09:07]} 13. Re1 {[%clk 0:38:50]} Nd7 {[%clk 1:05:57]} 14. Be3
{[%clk 0:34:59]} g5 {[%clk 0:54:37]} 15. b4 {[%clk 0:25:35]} O-O {[%clk 0:43:25]}
16. b5 {[%clk 0:24:01]} cxb5 {[%clk 0:38:10]} 17. Nxb5 {[%clk 0:21:11]} Nb7
{[%clk 0:31:52]} 18. Qd1 {[%clk 0:18:44]} g4 {[%clk 0:26:20]} 19. Qd5+
{[%clk 0:17:47]} Kh8 {[%clk 0:26:42]} 20. Nfd4 {[%clk 0:16:20]} exd4
{[%clk 0:26:25]} 21. Bxd4+ {[%clk 0:14:49]} Ne5 {[%clk 0:26:53]} 22. Qxb7
{[%clk 0:14:30]} Bf6 {[%clk 0:24:26]} 23. Nxd6 {[%clk 0:12:50]} Qf4
{[%clk 0:24:26]} 24. Re4 {[%clk 0:12:28]} Nf3+ {[%clk 0:24:00]} 25. gxf3
{[%clk 0:11:44]} Qxd6 {[%clk 0:24:28]} 26. Qd5 {[%clk 0:07:23]} Qxd5
{[%clk 0:21:59]} 27. cxd5 {[%clk 0:07:47]} gxf3 {[%clk 0:22:24]} 28. Kh1
{[%clk 0:06:14]} Bxd4 {[%clk 0:20:06]} 29. Rxd4 {[%clk 0:06:39]} Rae8
{[%clk 0:20:24]} 30. d6 {[%clk 0:04:57]} Re2 {[%clk 0:20:27]} 31. d7
{[%clk 0:04:28]} Rd8 {[%clk 0:20:54]} 32. h3 {[%clk 0:03:59]} Kg7
{[%clk 0:20:49]} 33. Rc1 {[%clk 0:02:59]} Kf6 {[%clk 0:20:51]} 34. Rf4+
{[%clk 0:02:44]} Ke6 {[%clk 0:19:45]} 35. Rxf3 {[%clk 0:02:49]} Rxd7
{[%clk 0:20:12]} 36. Rc6+ {[%clk 0:02:26]} Kd5 {[%clk 0:18:16]} 37. Ra6
{[%clk 0:02:33]} Ke4 {[%clk 0:17:40]} 38. Kg2 {[%clk 0:02:47]} Rb2
{[%clk 0:12:25]} 39. Ra4+ {[%clk 0:02:43]} Ke5 {[%clk 0:12:21]} 40. Re3+
{[%clk 0:02:05]} Kf5 {[%clk 0:12:27]} 41. Rb3 {[%clk 0:29:46]} Rxb3
{[%clk 0:41:51]} 42. axb3 {[%clk 0:30:10]} Rb7 {[%clk 0:42:17]} 43. f3
{[%clk 0:28:03]} Rxb3 {[%clk 0:39:05]} 44. Rxa7 {[%clk 0:28:27]} h6
{[%clk 0:38:43]} 45. Kg3 {[%clk 0:28:37]} Rb5 {[%clk 0:26:44]} 46. Ra8
{[%clk 0:26:21]} Kg5 {[%clk 0:26:04]} 47. Re8 {[%clk 0:24:59]} Kh5
{[%clk 0:24:38]} 48. Re6 {[%clk 0:24:34]} Rf5 {[%clk 0:21:06]} 49. f4
{[%clk 0:24:03]} Ra5 {[%clk 0:21:23]} 50. Re3 {[%clk 0:23:22]} Rf5
{[%clk 0:18:07]} 51. h4 {[%clk 0:23:08]} Kg6 {[%clk 0:16:24]} 52. Re6+
{[%clk 0:22:22]} Kg7 {[%clk 0:16:08]} 53. Kg4 {[%clk 0:22:44]} Rb5
{[%clk 0:15:34]} 54. h5 {[%clk 0:21:54]} Rb1 {[%clk 0:13:25]} 55. Re7+
{[%clk 0:20:45]} Kf6 {[%clk 0:13:33]} 56. Rh7 {[%clk 0:20:31]} Rg1+
{[%clk 0:12:12]} 57. Kf3 {[%clk 0:20:11]} Rf1+ {[%clk 0:11:50]} 58. Kg3
{[%clk 0:19:56]} Kf5 {[%clk 0:11:56]} 59. Rf7+ {[%clk 0:13:20]} Ke4
{[%clk 0:11:19]} 60. Rf6 {[%clk 0:11:46]} Rg1+ {[%clk 0:11:08]} 61. Kh2
{[%clk 0:11:57]} Rg4 {[%clk 0:09:59]} 62. Kh3 {[%clk 0:12:05]} Rxf4
{[%clk 0:10:14]} 63. Rxh6 {[%clk 0:12:23]} Kf5 {[%clk 0:10:39]} 64. Rg6
{[%clk 0:11:58]} Rf1 {[%clk 0:10:09]} 65. Kg2 {[%clk 0:11:48]} Rf4
{[%clk 0:10:09]} 66. Kg3 {[%clk 0:10:16]} 1/2-1/2

[Event "Summer Prague Open 2021 - A"]
[Site "Olympik hotel, Sokolovska 138,"]
[Date "2021.08.13"]
[Round "9.15"]
[White "Bluebaum, Karl-Ernst"]
[Black "Bub, Volker"]
[Result "1/2-1/2"]
[WhiteElo "2281"]
[BlackElo "2074"]
[PlyCount "107"]
[EventDate "2021.08.06"]

1. d4 Nf6 2. c4 g6 3. Nc3 Bg7 4. e4 d6 5. Nf3 O-O 6. Be2 e5 7. Be3 exd4 8. Nxd4
Re8 9. Qc2 c6 10. O-O Qe7 11. Rae1 Na6 12. f3 d5 13. cxd5 Nb4 14. Qd2 Nfxd5 15.
Nxd5 Nxd5 16. Bf2 Qb4 17. Qxb4 Nxb4 18. a3 Bxd4 19. Bxd4 Nc2 20. Rd1 Nxd4 21.
Rxd4 Be6 22. Rfd1 Kf8 23. g4 g5 24. Kf2 Ke7 25. f4 c5 26. Rd6 gxf4 27. Kf3 c4
28. Kxf4 h6 29. e5 Rac8 30. Bf3 Rc7 31. Bd5 Rg8 32. h3 Rb8 33. Ke4 b5 34. Bxe6
fxe6 35. R1d2 b4 36. axb4 Rxb4 37. R6d4 a5 38. Rc2 Rc5 39. h4 Rbb5 40. Rdxc4
Rxe5+ 41. Kf4 Kf6 42. Kf3 Rb3+ 43. R4c3 Rb4 44. Rc4 Rb3+ 45. R4c3 Reb5 46. Rxb3
Rxb3+ 47. Ke4 Rb4+ 48. Kf3 a4 49. Re2 Rb3+ 50. Kf4 Rb4+ 51. Kf3 Rb3+ 52. Kf4
Rb4+ 53. Kf3 Rb3+ 54. Kf4 1/2-1/2

[Event "Summer Prague Open 2021 - A"]
[Site "Olympik hotel, Sokolovska 138,"]
[Date "2021.08.13"]
[Round "9.16"]
[White "Stillger, Bernhard"]
[Black "Von Mettenheim, Johannes"]
[Result "1/2-1/2"]
[WhiteElo "2255"]
[BlackElo "1953"]
[PlyCount "120"]
[EventDate "2021.08.06"]

1. e4 c6 2. d4 d5 3. exd5 cxd5 4. c4 Nf6 5. Nc3 Nc6 6. Nf3 g6 7. cxd5 Nxd5 8.
Qb3 Nxc3 9. Bc4 e6 10. bxc3 Bd7 11. Be2 Na5 12. Qb2 Bg7 13. h4 Qc7 14. h5 Rc8
15. a4 b6 16. Bg5 h6 17. Bd2 g5 18. Qb4 Bf8 19. Qb1 Nc4 20. Bxc4 Qxc4 21. Ne5
Qd5 22. f3 Bg7 23. Nxd7 Qxd7 24. Qb4 Qd5 25. Qb5+ Rc6 26. Qxd5 exd5 27. Ke2 Kd7
28. Rhb1 a6 29. Kd3 Bf8 30. Re1 Bd6 31. Rab1 Bc7 32. Re2 Re8 33. Rxe8 Kxe8 34.
Ra1 Rc4 35. Ra2 Kd7 36. Ra1 Kc6 37. Re1 Kd7 38. Ra1 Bd6 39. Kc2 Rc8 40. Rb1 Kc6
41. Kd3 Re8 42. Rb2 b5 43. axb5+ axb5 44. Ra2 Kb7 45. Ra5 Kb6 46. Ra1 Bf4 47.
Bxf4 gxf4 48. Rh1 Re3+ 49. Kd2 Re6 50. Rh4 Rf6 51. Rg4 Rf5 52. Rg7 Ka5 53. Rh7
Rf6 54. Rh8 b4 55. Kc2 bxc3 56. Kxc3 Kb5 57. Rb8+ Kc6 58. Ra8 Kb5 59. Rb8+ Kc6
60. Ra8 Kb5 1/2-1/2

[Event "Summer Prague Open 2021 - A"]
[Site "Olympik hotel, Sokolovska 138,"]
[Date "2021.08.13"]
[Round "9.17"]
[White "Wollenweber, Carsten"]
[Black "Hartge, Gedeon"]
[Result "0-1"]
[WhiteElo "2079"]
[BlackElo "2254"]
[PlyCount "158"]
[EventDate "2021.08.06"]

1. b3 d5 2. Bb2 Bg4 3. f4 Nf6 4. d3 c5 5. Nd2 Nc6 6. h3 Bc8 7. e3 d4 8. e4 Qc7
9. g3 g5 10. Qf3 Bh6 11. e5 Ng8 12. a3 gxf4 13. gxf4 Be6 14. Bg2 O-O-O 15. Qf2
f6 16. Ne4 Qa5+ 17. Kd1 fxe5 18. Ng5 Bxg5 19. fxg5 Bd7 20. Qf7 e6 21. Bxc6 Bxc6
22. Qxe6+ Kb8 23. Qxe5+ Qc7 24. Qxc7+ Kxc7 25. Rh2 h6 26. Bc1 Rf8 27. Ke1 hxg5
28. Bxg5 Rf5 29. Bd2 Ne7 30. Rf2 Rfh5 31. Rf7 Kd7 32. Rg7 Re5+ 33. Kf2 Rf8+ 34.
Kg3 Ke6 35. Rg5 Nf5+ 36. Kg4 Rh8 37. Rh5 Rxh5 38. Kxh5 Ne3+ 39. Kh4 Nxc2 40.
Ra2 Ne3 41. b4 Bd5 42. Ra1 c4 43. dxc4 Bxc4 44. Nf3 Re4+ 45. Kg5 Kd5 46. Rc1 b6
47. a4 Be2 48. Ng1 Nc4 49. Bf4 d3 50. Nxe2 Rxe2 51. h4 d2 52. Rd1 Re1 53. Rxd2+
Nxd2 54. Bxd2 Rd1 55. Bf4 Kc4 56. a5 b5 57. Be3 Kxb4 58. Bxa7 Kxa5 59. h5 b4
60. h6 b3 61. h7 b2 62. h8=Q Rd5+ 63. Kf4 b1=Q 64. Qc3+ Qb4+ 65. Qxb4+ Kxb4 66.
Be3 Kc4 67. Ke4 Rd8 68. Bf4 Rd4+ 69. Kf5 Kd5 70. Be5 Re4 71. Bf4 Re1 72. Bb8
Rf1+ 73. Bf4 Kd4 74. Kg4 Ke4 75. Bg3 Rg1 76. Kh3 Kf3 77. Bc7 Rg7 78. Bd8 Rh7+
79. Bh4 Rh8 0-1

[Event "Summer Prague Open 2021 - A"]
[Site "Olympik hotel, Sokolovska 138,"]
[Date "2021.08.13"]
[Round "9.18"]
[White "Jun, Rudolf"]
[Black "Pallas, Sebastian"]
[Result "0-1"]
[WhiteElo "2090"]
[BlackElo "2249"]
[PlyCount "118"]
[EventDate "2021.08.06"]

1. e4 c5 2. Nf3 d6 3. Bb5+ Nd7 4. O-O a6 5. Bd3 Ngf6 6. Re1 Qc7 7. c3 b5 8. Bc2
Bb7 9. d4 cxd4 10. Nxd4 g6 11. f3 Bg7 12. Be3 O-O 13. Nd2 Rac8 14. Rc1 d5 15.
Bf2 Bh6 16. exd5 Nxd5 17. Rb1 e5 18. N4b3 f5 19. Qe2 Rfe8 20. Rbd1 N5f6 21. Kh1
Bc6 22. a3 a5 23. Be3 Bf8 24. Nc1 Qb7 25. Qf1 a4 26. Nd3 Nd5 27. Bf2 Bh6 28.
Qg1 Bxd2 29. Rxd2 e4 30. fxe4 fxe4 31. Nb4 Nxb4 32. axb4 Ne5 33. Bb1 h5 34.
Ba2+ Kh7 35. Be3 Rcd8 36. Rxd8 Rxd8 37. Rf1 Bd5 38. Bxd5 Qxd5 39. Qf2 Ng4 40.
Qf4 Qf5 41. Kg1 Qxf4 42. Bxf4 e3 43. Re1 e2 44. h3 Rd1 45. Bg3 Ne5 46. Kf2 Rxe1
47. Kxe1 Nd3+ 48. Kxe2 Nxb2 49. Kd2 Nc4+ 50. Kc2 Kg7 51. Bf4 Kf6 52. g4 hxg4
53. hxg4 Ke6 54. Bc7 Ne3+ 55. Kb2 Kd5 56. g5 Kc4 57. Be5 Nd1+ 58. Kc2 a3 59.
Kb1 Nxc3+ 0-1

[Event "Summer Prague Open 2021 - A"]
[Site "Olympik hotel, Sokolovska 138,"]
[Date "2021.08.13"]
[Round "9.19"]
[White "Jedlicka, Ales"]
[Black "Berkes, Alexander"]
[Result "1-0"]
[WhiteElo "2209"]
[BlackElo "1872"]
[PlyCount "101"]
[EventDate "2021.08.06"]

1. d4 Nf6 2. c4 c5 3. d5 b5 4. Nf3 g6 5. Qc2 b4 6. e4 d6 7. Bd3 Bg7 8. O-O O-O
9. Bg5 Nbd7 10. Re1 Ng4 11. Nbd2 h6 12. Bh4 g5 13. Bg3 Nge5 14. Be2 g4 15. Nxe5
Nxe5 16. Nf1 h5 17. Ne3 e6 18. f4 gxf3 19. Bxf3 Qg5 20. Qe2 f5 21. Bxe5 Bxe5
22. dxe6 fxe4 23. e7 Qxe7 24. Bxe4 Bb7 25. Nd5 Qg7 26. Qxh5 Rae8 27. Rad1 Re6
28. g3 Bd4+ 29. Kh1 Rh6 30. Qxh6 Qxh6 31. Ne7+ Kh8 32. Bxb7 Rf2 33. Bg2 Rd2 34.
Nf5 Rxd1 35. Rxd1 Qh5 36. Rf1 Be5 37. Rf3 Qg5 38. b3 Qd2 39. h4 Qxa2 40. Ne7
Bc3 41. Rf7 Qxb3 42. Ng6+ Kg8 43. Bd5 Qd1+ 44. Rf1+ Qxd5+ 45. cxd5 b3 46. Ne7+
Kh8 47. Nf5 Be5 48. Rb1 b2 49. Ne3 Bxg3 50. Rxb2 Bxh4 51. Rh2 1-0

[Event "Summer Prague Open 2021 - A"]
[Site "Olympik hotel, Sokolovska 138,"]
[Date "2021.08.13"]
[Round "9.20"]
[White "Bluebaum, Johanna"]
[Black "Nemec, Jachym"]
[Result "0-1"]
[WhiteElo "2059"]
[BlackElo "2191"]
[PlyCount "170"]
[EventDate "2021.08.06"]

1. d4 Nf6 2. c4 g6 3. Nc3 d5 4. cxd5 Nxd5 5. e4 Nxc3 6. bxc3 Bg7 7. Nf3 c5 8.
h3 O-O 9. Be3 Nc6 10. Be2 cxd4 11. cxd4 f5 12. Bc4+ Kh8 13. O-O f4 14. Bd2 Nxd4
15. Bc3 Nxf3+ 16. Qxf3 Qc7 17. Rac1 Bd7 18. Bd5 Bc6 19. Bxg7+ Kxg7 20. Bxc6
bxc6 21. Rc5 Rad8 22. Rfc1 Rf6 23. e5 Rf5 24. Re1 Rc8 25. Kh2 Qb6 26. Rec1 Qb2
27. R1c2 Qa1 28. e6 Rxc5 29. Rxc5 Qd4 30. Rc2 Qd6 31. Rc4 Qxe6 32. Rxf4 c5 33.
Qc3+ Kg8 34. Rc4 Qd6+ 35. g3 Qd5 36. Qc2 Rc6 37. Re4 Kf7 38. Qe2 Re6 39. Rxe6
Qxe6 40. Qf3+ Qf5 41. Qb3+ Kf8 42. Qb8+ Kg7 43. Qb2+ Qf6 44. Qe2 Kf8 45. Kg1
Qd4 46. Qf3+ Kg7 47. Qb7 Qe5 48. Qxa7 c4 49. Qa4 Qe2 50. Qb4 Kf7 51. a4 Qd1+
52. Kg2 Qb3 53. Qd2 Qxa4 54. Qd5+ Kf8 55. Qd8+ Qe8 56. Qc7 Qa8+ 57. Kh2 Qd5 58.
Qb8+ Kf7 59. Qf4+ Kg7 60. Qe3 Kf6 61. Qf4+ Ke6 62. Qg4+ Kd6 63. Qf4+ Kd7 64.
Qe3 Qd3 65. Qa7+ Ke6 66. Qa6+ Kf7 67. Kg2 Qe4+ 68. Kg1 c3 69. Qa2+ Kf8 70. Qa1
Qc6 71. Qc1 c2 72. Qf4+ Kg7 73. Qc1 h6 74. h4 h5 75. Qb2+ Kh7 76. Qc1 Qc4 77.
Kh2 Qc3 78. Kg2 e5 79. Kf1 Qd3+ 80. Ke1 Kg7 81. Qa1 Kf6 82. Qc1 Ke6 83. Qa1 Kf5
84. Qc1 Kg4 85. Qa1 Kh3 0-1